banner-ar

CALLIGRAPHY / (Record no. 25658)

MARC details
000 -الفاتح
حقل البيانات ثابتة الطول 00472nam a2200181Ia 4500
005 - وقت وتاريخ اخر تعامل مع التسجيلة
رقم الضبط 20240530101209.0
008 - عناصر البيانات ثابتة الطول - معلومات عامة
حقل البيانات ثابتة الطول 140319s9999 xx 000 0 eng d
040 ## - مصدر الفهرسة
وكالة الفهرسة الأصلية GCL /
وكالة النسخ GCL
082 04 - رقم تصنيف ديوى العشرى
رقم التصنيف 745.61
رقم المادة G C
100 1# - المدخل الرئيسى - إسم شخصى
الإسم الشخصى GULLICK, MICHAEL
245 10 - بيان العنوان
العنوان CALLIGRAPHY /
بيان المسئوليه,etc GULLICK, MICHAEL
260 ## - PUBLICATION, DISTRIBUTION, ETC. (IMPRINT)
تاريخ النشر أو التوزيع 1990
300 ## - الوصف المادى
التعداد 40 P:
تفاصيل ماديه اخرى للوعاء PICTURES ;
أبعاد الوعاء 32 CM
650 04 - المدخل الاضافى بالموضوع-مصطلح موضوعى
مصطلح موضوعي CALLIGRAPHY
650 04 - المدخل الاضافى بالموضوع-مصطلح موضوعى
مصطلح موضوعي CALLIGRAPHY STYLES
942 ## - عناصر المدخل الإضافي( كوها)
مصدر التصنيف او مخطط الترفيف Dewey Decimal Classification
Koha [default] item type كتاب
260 ## - PUBLICATION, DISTRIBUTION, ETC. (IMPRINT)
-- LONDON :
-- STUDIO EDITIONS ،
Holdings
حالة التراجع حالة الفقد حالة تلف ليس للاعارة المكان المؤقت الموقع الحالى تاريخ الاكتساب اجمالي اﻻعارات رقم الطلب الباركود تاريخ اخر مشاهدة تاريخ تفعيل السعر نوع وعاء كوها
        مكتبة القاهرة الكبرى مكتبة القاهرة الكبرى 03/26/2014   745.61\G C 45140 03/26/2014 03/26/2014 كتاب
        مكتبة القاهرة الكبرى مكتبة القاهرة الكبرى 03/26/2014   745.61\G C 45141 03/26/2014 03/26/2014 كتاب

Powered By

EGPV